000 00641nam a2200229 i 4500
001 C2-0108622
003 PPAK
005 20180727102644.0
008 970618s1984 my a|||| ||||| | may d
040 _aPPAK
_beng
_cPPAK
_erda
082 0 4 _a499.2396
_223
090 0 0 _a499.2396
_bAWA
_dKK
100 0 _aAwang Had Salleh,
_eauthor
245 1 0 _aBunga oh bunga
264 1 _aPetaling Jaya, Selangor :
_bAmiza Publishing ,
_c1984
300 _a15 pages :
_billustrations ;
_c26 cm
336 _2rdacontent
_atext
337 _2rdamedia
_aunmediated
338 _2rdacarrier
_avolume
650 1 0 _aBahasa Melayu - Readers
942 _ddc
_cB
999 _c26862
_d26862